Statistics for 21 people from 21 centuries

Click here to take the quiz!

General Stats

  • This quiz has been taken 61 times
    (51 since last reset)
  • The average score is 8 of 21

Answer Stats

HintAnswer% Correct
Founder of IslamMuhammad
88%
Roman emperor, famous for his wall in BritainHadrian
84%
Conquered England in 1066William the Conquerer
82%
Austrian child prodigy. who composed over 600 works.Wolfgang Amadeus Mozart
78%
Ruler of the Huns and leader of the Hunnic EmpireAttila
66%
Roman emperor, possibly the first Christian emperorConstantine the Great
64%
General, drinker and 18th US-President.Ulysses S. Grant
54%
That French philosopher, mathematician, and scientist thought, therefore he was.Rene Descartes
50%
First Russian TzarIvan the Terrible
48%
King of Wessex, united Britain, called the GreatAlfred the Great
38%
First elected president of AfghanistanHamid Karzai
32%
Christian saint and patron saint of Europe. often called the founder of western monasticism.Benedict of Nursia
28%
Stopped the Islamic Expansion at the Battle of Tours. Called "The Hammer"Charles Martel
16%
Hitler's Secretary of State (foreign affairs)Joachim v. Ribbentrop
16%
Powerful pope who convoked the Fourth Council of the Lateran.Innocent III
14%
Persian prophet and founder of ManiacheismMani
14%
Cherusci chieftan who beat the Romans in the Battle of the Teutoburg forrestArminius
10%
Portugese sailor who initiated the Age of Discoveries. At the top of the Monument to the Discoveries in LisbonHenry the Navigator
8%
First king of the Franks of the House of Capet.Hugo Capet
6%
Legendary German alchemist who invented gunpowderBerthold Schwarz
4%
Eldest son of Genghis KhanJochi
4%

Score Distribution

Percentile by Number Answered

Percent of People with Each Score

Your Score History

You have not taken this quiz since the last reset